000 00545nam a22001815i 4500
001 165301
003 ES-MaACL
005 20250716062537.0
008 050906s1882 gw | |||||||| ||eng d
040 _aCAM
_bspa
_cCAM
100 1 _aShakespeare, William,
_d1564-1616
_9105992
245 1 0 _aShakespeare's tragedy of Hamlet /
_cedited by Karl Elze.
260 _aHalle :
_bMax Niemeyer,
_c1882.
300 _aXVI, 258, [2] P. ;
_c25 cm.
700 1 _aElze, Karl.
_9126929
852 _aES-MaACL
_jG-6979
_z-- Enc. hol.
999 _c165301
_d165301